[Event "IECC CL6-2009.18 email"]
[Site "IECC email"]
[Date "2009.08.06"]
[Round "?"]
[White "Bloy, Daniel Francis"]
[Black "D'Aragona, Vittoria"]
[Result "0-1"]
[WhiteElo "1282"]
[BlackElo "1991"]
[PlyCount "52"]
[EventDate "2009.??.??"]
[EventType "tourn (corr)"]
[EventRounds "4"]
[SourceTitle "Telechess CBM 137"]
[Source "ChessBase"]
[SourceDate "2010.07.15"]
[SourceVersion "1"]
[SourceVersionDate "2010.07.15"]
[SourceQuality "1"]
[WhiteTeam "England"]
[BlackTeam "Italy"]
[WhiteTeamCountry "ENG"]
[BlackTeamCountry "ITA"]

1. e4 e6 2. d4 d5 3. e5 c5 4. c4 cxd4 5. Qxd4 Nc6 6. Qd3 Nxe5 7. Qb3 Nxc4 8. Bxc4 dxc4 9. Qxc4 Nf6 10. Nc3 Bd6 11. Nf3 0-0 12. 0-0 Bd7 13. Bg5 Rc8 14. Qd4 Bc5 15. Bxf6 Bxd4 16. Bxd8 Bxc3 17. bxc3 Rfxd8 18. Rac1 f6 19. Nd4 e5 20. Ne2 Bb5 21. Rfe1 Rd2 22. Ng3 Rxa2 23. Ne4 Bd3 24. f3 Bxe4 25. Rxe4 Rd8 26. Rf1 Rdd2 0-1